SCH - A7 - Statistiques

Statistiques générales
  • Ce quiz a été pris 52 fois
  • Le résultat moyen est 9 sur 14
Statistiques - réponses
Artistes Musiques % Correct
SCH A7
98%
SCH Fusil
86%
SCH Champs-Élysées
77%
SCH Gomorra
77%
SCH John Lennon
77%
SCH Solides
70%
SCH, Lacrim Liquides
67%
SCH, Sadek, Lapso Pas de Manières
67%
SCH Gedeon
63%
SCH Drogue Prohibée
53%
SCH Genny & Ciiro
53%
SCH J'reviens de Loin
53%
SCH Rêves de Gosse
51%
SCH Mauvaises Idées
40%
Aucun quiz correspondant
Distribution des résultats
% des personnes avec chaque résultat
Percentile par nombre de réponses
Votre historique - résultats
Vous n’avez pas pris ce quiz